Los empresarios y la integración de américa latina (Registro nro. 4704)
[ vista simple ]
| 000 -LEADER | |
|---|---|
| fixed length control field | 01783 a2200301 4500 |
| 001 - CONTROL NUMBER | |
| control field | 48767 |
| 005 - DATE AND TIME OF LATEST TRANSACTION | |
| control field | 20260407155753.0 |
| 008 - FIXED-LENGTH DATA ELEMENTS--GENERAL INFORMATION | |
| fixed length control field | 260407a1967 arg spa d |
| 003 - CONTROL NUMBER IDENTIFIER | |
| control field | AR-UNSa-BCEJYS |
| 040 ## - CATALOGING SOURCE | |
| Original cataloging agency | AR-UNSa-BCEJYS |
| Language of cataloging | spa |
| Transcribing agency | AR-UNSa-BCEJYS |
| 080 ## - UNIVERSAL DECIMAL CLASSIFICATION NUMBER | |
| Universal Decimal Classification number | 338.45 |
| Common auxiliary subdivision | Industria como sector económico. Producción comercial, industrial |
| 100 1# - MAIN ENTRY--PERSONAL NAME | |
| Personal name | Ferrer, Aldo |
| 245 10 - TITLE STATEMENT | |
| Title | Los empresarios y la integración de américa latina |
| 264 #1 - PRODUCTION, PUBLICATION, DISTRIBUTION, MANUFACTURE, AND COPYRIGHT NOTICE | |
| Place of production, publication, distribution, manufacture | Buenos Aires : |
| Name of producer, publisher, distributor, manufacturer | Instituto para la Integración de América Latina (INTAL) |
| Date of production, publication, distribution, manufacture, or copyright notice | 1967 |
| 300 ## - PHYSICAL DESCRIPTION | |
| Extent | 163 p. |
| Dimensions | 23 cm. |
| 505 ## - FORMATTED CONTENTS NOTE | |
| Formatted contents note | 1. Empresario, integración y desarrollo / Aldo Ferrer - 2. Experiencias y perspectivas de las reuniones sectoriales y de los acuerdos de complementación (ALALC) / Elvio Baldinelli - 3. El empresario y la industrialización en el proceso de integración centroamericana / Manuel Noriega Morales - 4. El aporte a la integración latinoamericana / José Zabala - 5. El papel que juega el capital extranjero en América Latina / André Van Dam - 6. La escuela de administración de empresas en la integración latinoamericana / Antonio Angarita Silva, Ary Bouzan y Carlos Omar Bertero - 7. Algunas observaciones acerca de la industrialización y la integración en América Latina / Marco D. Pollner - 8. Algunas notas sobre la experiencia industrial brasileña / Justo Pinheiro Da Fonseca - 9. La integración como instrumento de desarrollo / José María Aragao. |
| 590 ## - LOCAL NOTE (RLIN) | |
| Local note | niveau_biblio:m niveau_hierar:0 |
| 700 1# - ADDED ENTRY--PERSONAL NAME | |
| Personal name | Baldinelli, E. |
| 700 1# - ADDED ENTRY--PERSONAL NAME | |
| Personal name | Noriega Morales, M. |
| 700 1# - ADDED ENTRY--PERSONAL NAME | |
| Personal name | Zabala, J. |
| 700 1# - ADDED ENTRY--PERSONAL NAME | |
| Personal name | Angarita Silva, A. |
| 700 1# - ADDED ENTRY--PERSONAL NAME | |
| Personal name | Bouzan, A. |
| 700 1# - ADDED ENTRY--PERSONAL NAME | |
| Personal name | Bertero, C.O. |
| 700 1# - ADDED ENTRY--PERSONAL NAME | |
| Personal name | Pollner, M.D. |
| 700 1# - ADDED ENTRY--PERSONAL NAME | |
| Personal name | Pinheiro da Fonseca, J. |
| 700 1# - ADDED ENTRY--PERSONAL NAME | |
| Personal name | Aragao, J.M. |
| 942 ## - ADDED ENTRY ELEMENTS (KOHA) | |
| Koha item type | |
| Withdrawn status | Lost status | Damaged status | Not for loan | Home library | Current library | Shelving location | Date acquired | Total checkouts | Full call number | Barcode | Date last seen | Price effective from | Koha item type |
|---|---|---|---|---|---|---|---|---|---|---|---|---|---|
| Biblioteca Prof. Eusebio Cleto del Rey | Biblioteca Prof. Eusebio Cleto del Rey | 07/04/2026 | 338.45 F382 | L44069 | 07/04/2026 | 07/04/2026 | Libro | ||||||
| Biblioteca Prof. Eusebio Cleto del Rey | Biblioteca Prof. Eusebio Cleto del Rey | 07/04/2026 | 338.45 F382 | L65018 | 07/04/2026 | 07/04/2026 | Libro |